[Event "DVM U20w 2018"]
[Site "Osnabrück GER"]
[Date "2018.12.29"]
[Round "6"]
[White "Kobald, Jacqueline"]
[Black "Greßmann, Hanna"]
[Result "1-0"]
[Termination "normal"]
[Board "1.3"]
[WhiteElo "1797"]
[BlackElo "1839"]
[WhiteClock "00:20:22"]
[BlackClock "00:30:36"]
[WhiteTeam "SV Stuttgart-Wolfbusch"]
[BlackTeam "TuRa Harksheide von 1945 Norderstedt"]
[PlyCount "89"]
[WhiteFideId "12988162"]
[BlackFideId "12930709"]
[EventCountry "GER"]
[EventRounds "7"]
[EventType "team-swiss"]
[EventDate "2018.12.26"]

1. e4 {[%clk 1:30:57]} d6 {[%clk 1:30:34]} 2. d4 {[%clk 1:31:14]} Nf6 {[%clk
1:30:52]} 3. Nc3 {[%clk 1:31:34]} Nbd7 {[%clk 1:31:09]} 4. Nf3 {[%clk 1:31:25]}
e5 {[%clk 1:31:16]} 5. Bc4 {[%clk 1:30:23]} Be7 {[%clk 1:31:26]} 6. O-O {[%clk
1:28:39]} h6 {[%clk 1:30:41]} 7. Re1 {[%clk 1:27:52]} c6 {[%clk 1:30:15]} 8. a4
{[%clk 1:27:56]} a5 {[%clk 1:30:15]} 9. b3 {[%clk 1:22:26]} O-O {[%clk
1:29:17]} 10. Bf1 {[%clk 1:16:05]} Re8 {[%clk 1:24:38]} 11. Bb2 {[%clk
1:15:16]} Qc7 {[%clk 1:23:08]} 12. Qd2 {[%clk 1:06:32]} Bf8 {[%clk 1:21:02]}
13. Rad1 {[%clk 1:04:26]} exd4 {[%clk 1:19:27]} 14. Nxd4 {[%clk 1:02:03]} Nc5
{[%clk 1:18:58]} 15. f3 {[%clk 1:01:51]} b6 {[%clk 1:09:00]} 16. Nxc6 {[%clk
0:58:38]} Qxc6 {[%clk 1:08:51]} 17. Bb5 {[%clk 0:59:01]} Qb7 {[%clk 1:08:32]}
18. Bxe8 {[%clk 0:59:03]} Nxe8 {[%clk 1:08:54]} 19. Nd5 {[%clk 0:59:21]} Nc7
{[%clk 1:06:03]} 20. Nf4 {[%clk 0:54:28]} N7a6 {[%clk 0:58:26]} 21. Nh5 {[%clk
0:47:07]} Qe7 {[%clk 0:54:15]} 22. Qc3 {[%clk 0:39:30]} f6 {[%clk 0:48:56]} 23.
Nf4 {[%clk 0:33:33]} Nb4 {[%clk 0:45:16]} 24. Re2 {[%clk 0:23:19]} Kh7 {[%clk
0:36:22]} 25. Red2 {[%clk 0:21:59]} Qf7 {[%clk 0:36:13]} 26. Ba3 {[%clk
0:19:16]} Nca6 {[%clk 0:31:06]} 27. Qd4 {[%clk 0:17:18]} Qc7 {[%clk 0:21:54]}
28. Nd5 {[%clk 0:10:05]} Nxd5 {[%clk 0:18:25]} 29. Qxd5 {[%clk 0:10:26]} Rb8
{[%clk 0:12:36]} 30. Bxd6 {[%clk 0:10:02]} Bxd6 {[%clk 0:13:00]} 31. Qxd6
{[%clk 0:10:28]} Qxd6 {[%clk 0:11:53]} 32. Rxd6 {[%clk 0:10:50]} Rb7 {[%clk
0:09:46]} 33. Kf2 {[%clk 0:08:57]} Nb4 {[%clk 0:09:14]} 34. c3 {[%clk 0:07:34]}
Na6 {[%clk 0:09:05]} 35. R1d4 {[%clk 0:05:34]} Nc5 {[%clk 0:08:39]} 36. b4
{[%clk 0:04:56]} axb4 {[%clk 0:05:35]} 37. Rxb4 {[%clk 0:04:47]} Bd7 {[%clk
0:04:35]} 38. a5 {[%clk 0:04:14]} b5 {[%clk 0:04:09]} 39. Rd5 {[%clk 0:03:52]}
Na6 {[%clk 0:02:42]} 40. Rbd4 {[%clk 0:03:49]} Be8 {[%clk 0:01:09]} 41. Rd8
{[%clk 0:27:37]} Bf7 {[%clk 0:31:41]} 42. Ra8 {[%clk 0:25:22]} Nc7 {[%clk
0:31:22]} 43. a6 {[%clk 0:23:17]} Rb6 {[%clk 0:31:44]} 44. Ra7 {[%clk 0:20:34]}
Rc6 {[%clk 0:30:36]} 45. Rd7 {[%clk 0:20:22]} 1-0

[Event "DVM U20w 2018"]
[Site "Osnabrück GER"]
[Date "2018.12.29"]
[Round "6"]
[White "Giede, Anna-Blume"]
[Black "Liu, Sijia Anna"]
[Result "0-1"]
[Termination "normal"]
[Board "1.4"]
[WhiteElo "1569"]
[BlackElo "1607"]
[WhiteClock "00:06:00"]
[BlackClock "00:18:07"]
[WhiteTeam "TuRa Harksheide von 1945 Norderstedt"]
[BlackTeam "SV Stuttgart-Wolfbusch"]
[PlyCount "92"]
[WhiteFideId "12921980"]
[BlackFideId "12989746"]
[EventCountry "GER"]
[EventRounds "7"]
[EventType "team-swiss"]
[EventDate "2018.12.26"]

1. e4 {[%clk 1:30:58]} c5 {[%clk 1:30:51]} 2. Nc3 {[%clk 1:31:13]} Nc6 {[%clk
1:31:00]} 3. g3 {[%clk 1:31:30]} g6 {[%clk 1:31:13]} 4. Bg2 {[%clk 1:31:43]}
Bg7 {[%clk 1:31:22]} 5. f4 {[%clk 1:31:09]} e6 {[%clk 1:31:17]} 6. d3 {[%clk
1:30:58]} Nge7 {[%clk 1:30:48]} 7. Be3 {[%clk 1:28:54]} d6 {[%clk 1:29:25]} 8.
Nf3 {[%clk 1:27:48]} Nd4 {[%clk 1:28:23]} 9. O-O {[%clk 1:26:40]} O-O {[%clk
1:27:10]} 10. Bf2 {[%clk 1:17:33]} Rb8 {[%clk 1:25:18]} 11. a4 {[%clk 1:13:44]}
Nec6 {[%clk 1:20:30]} 12. Qd2 {[%clk 1:05:13]} a6 {[%clk 1:12:46]} 13. Rfe1
{[%clk 0:49:11]} b5 {[%clk 1:09:37]} 14. axb5 {[%clk 0:43:26]} axb5 {[%clk
1:08:09]} 15. e5 {[%clk 0:36:00]} b4 {[%clk 1:02:34]} 16. Nd1 {[%clk 0:33:44]}
Nxf3+ {[%clk 1:01:13]} 17. Bxf3 {[%clk 0:34:03]} Nd4 {[%clk 1:00:50]} 18. Bxd4
{[%clk 0:26:06]} cxd4 {[%clk 1:01:01]} 19. exd6 {[%clk 0:24:48]} Qxd6 {[%clk
1:00:35]} 20. Nf2 {[%clk 0:24:28]} Bb7 {[%clk 0:55:26]} 21. Bxb7 {[%clk
0:18:40]} Rxb7 {[%clk 0:55:35]} 22. Ne4 {[%clk 0:18:04]} Qb6 {[%clk 0:51:51]}
23. b3 {[%clk 0:16:27]} Rc8 {[%clk 0:50:45]} 24. Rec1 {[%clk 0:11:44]} f5
{[%clk 0:49:02]} 25. Nf2 {[%clk 0:08:44]} Rbc7 {[%clk 0:47:22]} 26. Nd1 {[%clk
0:06:58]} e5 {[%clk 0:43:47]} 27. fxe5 {[%clk 0:06:59]} Bxe5 {[%clk 0:43:48]}
28. Nb2 {[%clk 0:07:08]} Qb8 {[%clk 0:39:00]} 29. Nc4 {[%clk 0:07:17]} Re7
{[%clk 0:38:33]} 30. Ra4 {[%clk 0:04:39]} Rb7 {[%clk 0:31:19]} 31. Re1 {[%clk
0:03:30]} Bg7 {[%clk 0:30:26]} 32. Qe2 {[%clk 0:02:18]} Kh8 {[%clk 0:27:33]}
33. Qe6 {[%clk 0:02:15]} Rbc7 {[%clk 0:23:36]} 34. Re2 {[%clk 0:01:59]} Bh6
{[%clk 0:15:55]} 35. Qf6+ {[%clk 0:01:51]} Bg7 {[%clk 0:16:15]} 36. Qe6 {[%clk
0:02:18]} Rc6 {[%clk 0:16:23]} 37. Qd5 {[%clk 0:02:27]} Bh6 {[%clk 0:14:21]}
38. Qxd4+ {[%clk 0:02:37]} Bg7 {[%clk 0:14:31]} 39. Qd5 {[%clk 0:02:46]} Rc5
{[%clk 0:13:41]} 40. Qe6 {[%clk 0:01:59]} Bd4+ {[%clk 0:13:01]} 41. Kg2 {[%clk
0:19:44]} Qb7+ {[%clk 0:38:49]} 42. Kh3 {[%clk 0:19:45]} Qf3 {[%clk 0:37:16]}
43. Ra7 {[%clk 0:12:34]} Qf1+ {[%clk 0:30:16]} 44. Kh4 {[%clk 0:11:55]} Rf8
{[%clk 0:23:24]} 45. Rf7 {[%clk 0:07:13]} g5+ {[%clk 0:20:37]} 46. Kxg5 {[%clk
0:06:00]} Rg8+ {[%clk 0:18:07]} 0-1

[Event "DVM U20w 2018"]
[Site "Osnabrück GER"]
[Date "2018.12.29"]
[Round "6"]
[White "Müdder, Melanie"]
[Black "Mönster, Madita"]
[Result "0-1"]
[Termination "normal"]
[Board "2.2"]
[WhiteElo "1863"]
[BlackElo "1869"]
[WhiteClock "00:06:35"]
[BlackClock "00:19:56"]
[WhiteTeam "SG Solingen"]
[BlackTeam "SV Lingen"]
[PlyCount "98"]
[WhiteFideId "12994103"]
[BlackFideId "12947156"]
[EventCountry "GER"]
[EventRounds "7"]
[EventType "team-swiss"]
[EventDate "2018.12.26"]

1. e4 {[%clk 1:30:58]} c5 {[%clk 1:30:54]} 2. Nf3 {[%clk 1:31:22]} d6 {[%clk
1:31:17]} 3. d4 {[%clk 1:31:46]} cxd4 {[%clk 1:31:41]} 4. Nxd4 {[%clk 1:32:06]}
Nf6 {[%clk 1:32:03]} 5. Nc3 {[%clk 1:32:25]} a6 {[%clk 1:32:25]} 6. h3 {[%clk
1:32:41]} e5 {[%clk 1:32:44]} 7. Nde2 {[%clk 1:33:02]} h5 {[%clk 1:33:01]} 8.
Ng1 {[%clk 1:33:17]} Be6 {[%clk 1:31:27]} 9. Nf3 {[%clk 1:33:37]} Nc6 {[%clk
1:23:48]} 10. Ng5 {[%clk 1:32:39]} g6 {[%clk 1:08:24]} 11. Nxe6 {[%clk
1:29:12]} fxe6 {[%clk 1:08:47]} 12. Bc4 {[%clk 1:28:32]} Qe7 {[%clk 1:04:17]}
13. a3 {[%clk 1:24:40]} Bg7 {[%clk 1:02:20]} 14. Be3 {[%clk 1:21:57]} Rc8
{[%clk 0:58:50]} 15. Ba2 {[%clk 1:17:05]} Na5 {[%clk 0:57:39]} 16. Qd3 {[%clk
1:12:12]} b5 {[%clk 0:43:05]} 17. Rd1 {[%clk 1:08:16]} Rc6 18. a4 {[%clk
0:49:13]} b4 {[%clk 0:37:22]} 19. Ne2 {[%clk 0:47:40]} Kf7 {[%clk 0:34:54]} 20.
Bd2 {[%clk 0:44:44]} Rb8 {[%clk 0:34:11]} 21. O-O {[%clk 0:43:01]} Qc7 {[%clk
0:33:25]} 22. f4 {[%clk 0:33:48]} Nc4 {[%clk 0:26:58]} 23. fxe5 {[%clk
0:18:57]} dxe5 {[%clk 0:24:24]} 24. Bxc4 {[%clk 0:13:02]} Rxc4 {[%clk 0:24:44]}
25. Bg5 {[%clk 0:13:13]} Rf8 {[%clk 0:21:34]} 26. c3 {[%clk 0:06:36]} bxc3
{[%clk 0:20:39]} 27. Nxc3 {[%clk 0:06:52]} Kg8 {[%clk 0:15:59]} 28. Kh1 {[%clk
0:03:43]} Qc8 {[%clk 0:14:23]} 29. Qe3 {[%clk 0:01:52]} Kh7 {[%clk 0:12:47]}
30. Rf3 {[%clk 0:01:07]} Qa8 {[%clk 0:05:27]} 31. Bxf6 {[%clk 0:00:49]} Bxf6
{[%clk 0:05:20]} 32. Rd7+ {[%clk 0:00:45]} Bg7 {[%clk 0:04:43]} 33. Rff7 {[%clk
0:00:54]} Rxf7 {[%clk 0:04:52]} 34. Rxf7 {[%clk 0:01:20]} Kg8 {[%clk 0:02:25]}
35. Re7 {[%clk 0:00:53]} Rc6 {[%clk 0:02:00]} 36. Qg5 {[%clk 0:00:45]} Qf8
{[%clk 0:01:37]} 37. Rd7 {[%clk 0:00:34]} Qf1+ {[%clk 0:00:59]} 38. Kh2 {[%clk
0:00:58]} Qf4+ {[%clk 0:01:10]} 39. Qg3 {[%clk 0:00:50]} h4 {[%clk 0:00:52]}
40. Qxf4 {[%clk 0:01:11]} exf4 {[%clk 0:01:15]} 41. Rd3 {[%clk 0:29:59]} Rb6
{[%clk 0:30:05]} 42. Rd8+ {[%clk 0:20:16]} Kf7 {[%clk 0:27:40]} 43. Rd7+ {[%clk
0:20:22]} Kf8 {[%clk 0:27:24]} 44. Ra7 {[%clk 0:16:19]} Rxb2 {[%clk 0:23:21]}
45. Ra8+ {[%clk 0:15:48]} Kf7 {[%clk 0:23:12]} 46. Ra7+ {[%clk 0:15:52]} Kg8
{[%clk 0:22:46]} 47. Ra8+ {[%clk 0:14:43]} Kh7 {[%clk 0:22:54]} 48. Rc8 {[%clk
0:07:24]} Rc2 {[%clk 0:20:00]} 49. Kg1 {[%clk 0:06:35]} Rxc3 {[%clk 0:19:56]}
0-1

[Event "DVM U20w 2018"]
[Site "Osnabrück GER"]
[Date "2018.12.29"]
[Round "6"]
[White "Möller, Hannah"]
[Black "Berelowitsch, Dana"]
[Result "1/2-1/2"]
[Termination "normal"]
[Board "2.3"]
[WhiteElo "1846"]
[BlackElo "1769"]
[WhiteClock "00:35:14"]
[BlackClock "00:09:30"]
[WhiteTeam "SV Lingen"]
[BlackTeam "SG Solingen"]
[PlyCount "67"]
[WhiteFideId "1270514"]
[BlackFideId "12977144"]
[EventCountry "GER"]
[EventRounds "7"]
[EventType "team-swiss"]
[EventDate "2018.12.26"]

1. Nf3 {[%clk 1:30:58]} d5 {[%clk 1:30:54]} 2. g3 {[%clk 1:31:25]} c5 {[%clk
1:31:19]} 3. Bg2 {[%clk 1:31:52]} Nc6 {[%clk 1:31:16]} 4. d4 {[%clk 1:31:54]}
cxd4 {[%clk 1:30:23]} 5. Nxd4 {[%clk 1:32:05]} e5 {[%clk 1:30:32]} 6. Nxc6
{[%clk 1:32:29]} bxc6 {[%clk 1:30:51]} 7. O-O {[%clk 1:32:34]} Nf6 {[%clk
1:29:30]} 8. c4 {[%clk 1:31:25]} Bb7 {[%clk 1:21:20]} 9. Bg5 {[%clk 1:28:32]}
Be7 10. cxd5 cxd5 {[%clk 1:14:37]} 11. Nc3 {[%clk 1:22:13]} e4 12. Qb3 {[%clk
1:13:32]} Qb6 {[%clk 1:07:32]} 13. Qxb6 {[%clk 1:12:00]} axb6 {[%clk 1:07:47]}
14. Rfd1 {[%clk 1:12:25]} Rd8 {[%clk 1:06:47]} 15. f3 h6 {[%clk 1:02:32]} 16.
Bxf6 {[%clk 1:09:51]} Bxf6 {[%clk 1:02:47]} 17. fxe4 {[%clk 1:10:13]} Bxc3
{[%clk 0:56:36]} 18. bxc3 {[%clk 1:10:38]} dxe4 {[%clk 0:56:36]} 19. Rab1
{[%clk 1:09:13]} Rxd1+ {[%clk 0:51:35]} 20. Rxd1 {[%clk 1:09:36]} O-O 21. Rb1
{[%clk 1:07:55]} f5 {[%clk 0:35:00]} 22. Rxb6 {[%clk 1:07:02]} Bd5 {[%clk
0:34:59]} 23. a4 {[%clk 1:06:19]} Ra8 {[%clk 0:34:32]} 24. Rb5 Bc4 {[%clk
0:26:25]} 25. Rxf5 {[%clk 1:04:28]} Rxa4 26. Re5 {[%clk 1:00:09]} Bxe2 {[%clk
0:24:13]} 27. Rxe4 {[%clk 0:58:36]} Ra1+ {[%clk 0:22:14]} 28. Kf2 {[%clk
0:58:48]} Ba6 29. Re1 {[%clk 0:54:28]} Ra2+ {[%clk 0:14:26]} 30. Kg1 {[%clk
0:54:46]} Rc2 {[%clk 0:13:37]} 31. Bd5+ {[%clk 0:54:58]} Kf8 {[%clk 0:13:24]}
32. Ra1 Bb5 33. Rb1 {[%clk 0:36:57]} Ba6 {[%clk 0:09:30]} 34. Ra1 {[%clk
0:35:14]} 1/2-1/2

[Event "DVM U20w 2018"]
[Site "Osnabrück GER"]
[Date "2018.12.29"]
[Round "6"]
[White "Sereda, Yaroslava"]
[Black "Schäfer, Leonie"]
[Result "1-0"]
[Termination "normal"]
[Board "2.4"]
[WhiteElo "1570"]
[BlackElo "1436"]
[WhiteClock "00:31:53"]
[BlackClock "00:45:59"]
[WhiteTeam "SG Solingen"]
[BlackTeam "SV Lingen"]
[PlyCount "97"]
[WhiteFideId "14178940"]
[BlackFideId "16241851"]
[EventCountry "GER"]
[EventRounds "7"]
[EventType "team-swiss"]
[EventDate "2018.12.26"]

1. e4 {[%clk 1:30:55]} g6 {[%clk 1:30:53]} 2. d4 {[%clk 1:31:16]} Bg7 {[%clk
1:31:17]} 3. f4 {[%clk 1:31:15]} c6 {[%clk 1:31:39]} 4. Nf3 {[%clk 1:31:27]}
Nf6 {[%clk 1:32:01]} 5. Nc3 {[%clk 1:31:44]} O-O {[%clk 1:32:06]} 6. Bd3 {[%clk
1:31:49]} d6 {[%clk 1:32:12]} 7. O-O {[%clk 1:31:32]} Bg4 {[%clk 1:32:14]} 8.
h3 {[%clk 1:31:18]} Bxf3 {[%clk 1:32:12]} 9. Qxf3 {[%clk 1:31:38]} Nfd7 {[%clk
1:29:59]} 10. Be3 {[%clk 1:18:07]} e5 {[%clk 1:27:11]} 11. dxe5 {[%clk
0:57:15]} dxe5 {[%clk 1:27:23]} 12. f5 {[%clk 0:56:41]} Nf6 {[%clk 1:22:51]}
13. g4 {[%clk 0:47:17]} Nbd7 {[%clk 1:18:14]} 14. h4 {[%clk 0:43:46]} h5 {[%clk
1:16:32]} 15. gxh5 {[%clk 0:31:07]} Nxh5 {[%clk 1:16:44]} 16. Bg5 {[%clk
0:30:28]} Bf6 {[%clk 1:13:18]} 17. Bxf6 {[%clk 0:26:36]} Ndxf6 {[%clk 1:10:24]}
18. Ne2 {[%clk 0:25:36]} Kh7 {[%clk 1:08:19]} 19. Kh2 {[%clk 0:24:44]} b5
{[%clk 0:57:44]} 20. Rg1 {[%clk 0:22:59]} Rg8 {[%clk 0:53:20]} 21. Rg5 {[%clk
0:20:27]} Rg7 {[%clk 0:49:49]} 22. Rag1 {[%clk 0:19:16]} Qd7 {[%clk 0:46:03]}
23. Kh1 {[%clk 0:14:31]} c5 {[%clk 0:44:32]} 24. b3 {[%clk 0:12:34]} Qc6 {[%clk
0:43:12]} 25. fxg6+ {[%clk 0:09:52]} fxg6 {[%clk 0:42:44]} 26. c4 {[%clk
0:04:29]} b4 {[%clk 0:42:19]} 27. Rxe5 {[%clk 0:03:34]} Re8 {[%clk 0:39:10]}
28. Rxe8 {[%clk 0:03:36]} Qxe8 {[%clk 0:39:26]} 29. Nf4 {[%clk 0:03:10]} Nxf4
{[%clk 0:36:42]} 30. Qxf4 {[%clk 0:03:29]} Nh5 {[%clk 0:34:47]} 31. Qg5 {[%clk
0:02:52]} Qf7 {[%clk 0:31:50]} 32. Be2 {[%clk 0:02:04]} Qe6 {[%clk 0:30:58]}
33. Kh2 {[%clk 0:01:36]} Qe7 {[%clk 0:25:35]} 34. Bxh5 {[%clk 0:01:14]} gxh5
{[%clk 0:24:45]} 35. Qxh5+ {[%clk 0:01:31]} Kg8 {[%clk 0:24:58]} 36. Rxg7+
{[%clk 0:01:28]} Kxg7 {[%clk 0:24:41]} 37. Qg4+ {[%clk 0:01:25]} Kh6 {[%clk
0:22:37]} 38. Qg5+ {[%clk 0:01:00]} Qxg5 {[%clk 0:22:51]} 39. hxg5+ {[%clk
0:01:26]} Kxg5 {[%clk 0:23:10]} 40. Kg3 {[%clk 0:01:42]} Kg6 {[%clk 0:16:02]}
41. Kg4 {[%clk 0:01:43]} Kf6 {[%clk 0:15:41]} 42. Kf4 {[%clk 0:30:18]} Ke6
{[%clk 0:45:44]} 43. e5 {[%clk 0:30:31]} Kf7 {[%clk 0:45:33]} 44. Kf5 {[%clk
0:30:51]} Ke7 {[%clk 0:44:32]} 45. e6 {[%clk 0:31:10]} Kf8 {[%clk 0:44:54]} 46.
Kf6 {[%clk 0:31:17]} Ke8 {[%clk 0:45:14]} 47. e7 {[%clk 0:31:34]} a5 {[%clk
0:45:37]} 48. Ke6 {[%clk 0:31:30]} a4 {[%clk 0:45:59]} 49. Kd6 {[%clk 0:31:53]}
1-0

[Event "DVM U20w 2018"]
[Site "Osnabrück GER"]
[Date "2018.12.29"]
[Round "6"]
[White "Klenk, Sofie"]
[Black "Schumann, Rabea"]
[Result "1/2-1/2"]
[Termination "normal"]
[Board "3.1"]
[WhiteElo "1810"]
[BlackElo "1922"]
[WhiteClock "00:21:39"]
[BlackClock "00:10:50"]
[WhiteTeam "SC Bavaria Regensburg"]
[BlackTeam "SG Güstrow/Teterow"]
[PlyCount "96"]
[WhiteFideId "12996653"]
[BlackFideId "12918199"]
[EventCountry "GER"]
[EventRounds "7"]
[EventType "team-swiss"]
[EventDate "2018.12.26"]

1. e4 {[%clk 1:30:58]} c5 {[%clk 1:30:53]} 2. Nf3 {[%clk 1:31:23]} Nc6 {[%clk
1:31:17]} 3. d4 {[%clk 1:31:49]} cxd4 {[%clk 1:31:41]} 4. Nxd4 {[%clk 1:32:15]}
g6 {[%clk 1:32:03]} 5. c4 {[%clk 1:32:41]} Bg7 {[%clk 1:31:29]} 6. Be3 {[%clk
1:31:25]} Nf6 {[%clk 1:31:12]} 7. Nc3 {[%clk 1:31:25]} O-O {[%clk 1:31:19]} 8.
Be2 {[%clk 1:30:55]} d6 {[%clk 1:28:58]} 9. O-O {[%clk 1:28:45]} Bd7 {[%clk
1:28:32]} 10. Rc1 {[%clk 1:27:03]} Nxd4 {[%clk 1:27:31]} 11. Bxd4 {[%clk
1:26:54]} Bc6 {[%clk 1:27:39]} 12. f3 {[%clk 1:26:32]} a5 {[%clk 1:24:49]} 13.
b3 {[%clk 1:25:35]} Nd7 {[%clk 1:22:59]} 14. Be3 {[%clk 1:25:36]} Nc5 {[%clk
1:18:50]} 15. Nd5 {[%clk 1:21:34]} Re8 {[%clk 1:10:46]} 16. Qc2 {[%clk
1:16:43]} Qb8 {[%clk 1:03:05]} 17. Rfd1 {[%clk 1:13:33]} b6 {[%clk 0:59:34]}
18. a3 {[%clk 1:07:49]} Qb7 {[%clk 0:57:46]} 19. Nc3 {[%clk 0:46:51]} Rec8
{[%clk 0:43:43]} 20. Bd3 {[%clk 0:41:07]} Ne6 {[%clk 0:34:02]} 21. Ne2 {[%clk
0:40:10]} b5 {[%clk 0:23:07]} 22. Qb1 {[%clk 0:36:46]} b4 {[%clk 0:21:44]} 23.
a4 {[%clk 0:35:33]} Bd7 {[%clk 0:19:39]} 24. f4 {[%clk 0:32:57]} Nc5 {[%clk
0:14:58]} 25. Nd4 {[%clk 0:31:51]} Re8 {[%clk 0:09:17]} 26. Rf1 {[%clk
0:27:55]} Ne6 {[%clk 0:06:23]} 27. Nxe6 {[%clk 0:27:21]} Bxe6 {[%clk 0:06:47]}
28. Be2 {[%clk 0:21:23]} Bd7 {[%clk 0:06:08]} 29. Rcd1 {[%clk 0:20:15]} Bc6
{[%clk 0:06:19]} 30. Bf3 {[%clk 0:20:24]} Rad8 {[%clk 0:05:51]} 31. Qd3 {[%clk
0:17:52]} Qc7 {[%clk 0:03:17]} 32. f5 {[%clk 0:14:16]} Rc8 {[%clk 0:02:09]} 33.
Bd4 {[%clk 0:12:14]} Bxd4+ {[%clk 0:02:03]} 34. Qxd4 {[%clk 0:12:41]} f6 {[%clk
0:01:58]} 35. Bg4 {[%clk 0:11:14]} g5 {[%clk 0:01:51]} 36. Qe3 {[%clk 0:06:39]}
Bb7 {[%clk 0:01:35]} 37. Kh1 {[%clk 0:05:35]} Kg7 {[%clk 0:01:19]} 38. Bh5
{[%clk 0:04:24]} Rh8 {[%clk 0:01:20]} 39. Rfe1 {[%clk 0:04:32]} Qc5 {[%clk
0:01:24]} 40. Qg3 {[%clk 0:03:42]} Bc6 {[%clk 0:01:14]} 41. Qe3 {[%clk
0:27:13]} Qxe3 {[%clk 0:25:43]} 42. Rxe3 {[%clk 0:27:41]} Bb7 {[%clk 0:25:37]}
43. Kg1 {[%clk 0:27:13]} Rc5 {[%clk 0:25:38]} 44. Kf2 {[%clk 0:26:31]} Re5
{[%clk 0:24:56]} 45. Rd4 {[%clk 0:26:47]} Rd8 {[%clk 0:23:51]} 46. Bg4 {[%clk
0:25:13]} Rh8 {[%clk 0:18:27]} 47. Bh5 {[%clk 0:22:54]} Rc8 {[%clk 0:17:37]}
48. Bg4 {[%clk 0:21:39]} Rh8 {[%clk 0:10:50]} 1/2-1/2

[Event "DVM U20w 2018"]
[Site "Osnabrück GER"]
[Date "2018.12.29"]
[Round "6"]
[White "Jörs, Pia-Milena"]
[Black "Pavlov, Liliane"]
[Result "1-0"]
[Termination "normal"]
[Board "3.2"]
[WhiteElo "1586"]
[BlackElo "1715"]
[WhiteClock "00:03:43"]
[BlackClock "00:00:37"]
[WhiteTeam "SG Güstrow/Teterow"]
[BlackTeam "SC Bavaria Regensburg"]
[PlyCount "81"]
[WhiteFideId "12964646"]
[BlackFideId "16225449"]
[EventCountry "GER"]
[EventRounds "7"]
[EventType "team-swiss"]
[EventDate "2018.12.26"]

1. d4 {[%clk 1:30:55]} b6 {[%clk 1:30:53]} 2. c4 {[%clk 1:31:15]} Bb7 {[%clk
1:31:09]} 3. Nc3 {[%clk 1:31:16]} e6 {[%clk 1:30:48]} 4. Bf4 {[%clk 1:29:57]}
Nf6 {[%clk 1:30:04]} 5. Nf3 {[%clk 1:29:12]} d5 {[%clk 1:25:17]} 6. e3 {[%clk
1:27:04]} Nbd7 {[%clk 1:19:04]} 7. Be2 {[%clk 1:14:08]} c5 {[%clk 1:14:57]} 8.
Nb5 {[%clk 1:06:49]} Rc8 {[%clk 1:06:24]} 9. Nxa7 {[%clk 1:05:38]} Ra8 {[%clk
1:06:45]} 10. Nb5 {[%clk 1:05:54]} Rc8 {[%clk 1:06:27]} 11. b3 {[%clk 0:57:48]}
Be7 {[%clk 1:04:39]} 12. O-O {[%clk 0:54:42]} O-O {[%clk 1:04:50]} 13. Nd6
{[%clk 0:51:21]} Bxd6 {[%clk 1:04:02]} 14. Bxd6 {[%clk 0:51:45]} Re8 {[%clk
1:04:24]} 15. Bg3 {[%clk 0:50:17]} Ne4 {[%clk 1:02:44]} 16. Bh4 {[%clk
0:35:47]} f6 {[%clk 1:02:35]} 17. Bd3 {[%clk 0:32:32]} g5 {[%clk 0:58:48]} 18.
Bg3 {[%clk 0:32:54]} h5 {[%clk 0:56:03]} 19. h3 {[%clk 0:26:20]} Nxg3 {[%clk
0:49:27]} 20. fxg3 {[%clk 0:26:43]} g4 {[%clk 0:49:31]} 21. Nh4 {[%clk
0:24:14]} f5 {[%clk 0:48:23]} 22. Qe2 {[%clk 0:18:13]} cxd4 {[%clk 0:45:12]}
23. exd4 {[%clk 0:18:31]} Qg5 {[%clk 0:42:34]} 24. Kh2 {[%clk 0:18:23]} Nf6
{[%clk 0:41:20]} 25. Rae1 {[%clk 0:15:54]} Ba6 {[%clk 0:29:43]} 26. Rc1 {[%clk
0:15:05]} Kf7 {[%clk 0:22:56]} 27. Rc2 {[%clk 0:13:46]} Re7 {[%clk 0:12:23]}
28. Qe5 {[%clk 0:13:09]} Kg8 {[%clk 0:10:25]} 29. Nxf5 {[%clk 0:11:28]} exf5
{[%clk 0:07:02]} 30. Qxe7 {[%clk 0:10:34]} Re8 {[%clk 0:05:08]} 31. Rxf5 {[%clk
0:10:30]} Rxe7 {[%clk 0:02:19]} 32. Rxg5+ {[%clk 0:10:59]} Kf8 {[%clk 0:02:21]}
33. Rf5 {[%clk 0:09:34]} Kg7 {[%clk 0:02:29]} 34. Re2 {[%clk 0:08:45]} Rd7
{[%clk 0:01:40]} 35. Rf4 {[%clk 0:07:35]} Rc7 {[%clk 0:00:43]} 36. Re6 {[%clk
0:06:12]} Nh7 {[%clk 0:00:40]} 37. Rg6+ {[%clk 0:06:02]} Kh8 {[%clk 0:01:08]}
38. Rxb6 {[%clk 0:04:43]} Bb7 {[%clk 0:01:09]} 39. c5 {[%clk 0:04:20]} Bc6
{[%clk 0:00:58]} 40. Bb5 {[%clk 0:03:19]} Bxb5 {[%clk 0:00:37]} 41. Rxb5 {[%clk
0:03:43]} 1-0